एक दर्द सन 1947/ (Record no. 202283)
[ view plain ]
| 000 -LEADER | |
|---|---|
| fixed length control field | 00832nam a22002057a 4500 |
| 005 - DATE AND TIME OF LATEST TRANSACTION | |
| control field | 20240419110819.0 |
| 010 ## - LCCN (DPL NO) | |
| LC control number | HIN-127399 |
| 020 ## - INTERNATIONAL STANDARD BOOK NUMBER | |
| Terms of availability | 295.00 |
| International Standard Book Number | 8170436990 |
| 035 ## - SYSTEM CONTROL NUMBER | |
| System control number | HN-99745 |
| 037 ## - SOURCE OF ACQUISITION | |
| Source of stock number/acquisition | DBAD |
| 082 ## - DEWEY DECIMAL CLASSIFICATION NUMBER | |
| Classification number | क |
| 100 ## - MAIN ENTRY--PERSONAL NAME | |
| Personal name | बाली, इन्दु |
| 245 ## - TITLE STATEMENT | |
| Title | एक दर्द सन 1947/ |
| Statement of responsibility, etc | निर्मल वालिया |
| 260 ## - PUBLICATION, DISTRIBUTION, ETC. (IMPRINT) | |
| Place of publication, distribution, etc | न्यू दिल्ली |
| Name of publisher, distributor, etc | एस.एन पब्लिकेशन |
| Date of publication, distribution, etc | 2021 |
| 270 ## - ADDRESS | |
| Address | 7/12 ए-75 श्रीराम कॉलोनी निलोठी एक्सटेंशन नांगलोई |
| City | न्यू दिल्ली |
| Postal code | 110041 |
| 300 ## - PHYSICAL DESCRIPTION | |
| Extent | 127पृ. |
| Dimensions | 23 सेमी.(साजिल्द) |
| 650 ## - SUBJECT ADDED ENTRY--TOPICAL TERM | |
| Topical term or geographic name as entry element | हिन्दी कहानी |
| 700 ## - ADDED ENTRY--PERSONAL NAME | |
| 9 (RLIN) | 64809 |
| 942 ## - ADDED ENTRY ELEMENTS (KOHA) | |
| Source of classification or shelving scheme | Dewey Decimal Classification |
| Item type | Hindi Books |
| Classification part | क |
| Call number suffix | बालीइ |
| Withdrawn status | Lost status | Not for loan | Collection code | Home library | Current library | Date acquired | Source of acquisition | Cost, normal purchase price | Full call number | Barcode | Cost, replacement price | Koha item type |
|---|---|---|---|---|---|---|---|---|---|---|---|---|
| Not For Loan | Fiction | Central Library | Central Library | 19/04/2024 | DBAD | 295.00 | क बालीइ | HN-99745 | 295.00 | Hindi Books |
